Systematics and taxonomy of Australian birds

Main Author: Christidis, Les
Other Authors: Boles, Walter
Language:English
Published: Australia: Csiro Publishing, 2008.
Subjects:
LEADER 00700cam a2200205 7i4500
001 0000061441
005 20080527090000.0
008 080527s2008 at eng
020 # # |a 9780643065116  
020 # # |a 0643065113  
090 0 0 |a QL 693   |b .C4 2008 
100 1 # |a Christidis, Les  
245 1 0 |a Systematics and taxonomy of Australian birds   |c Les Christidis and Walter E. Boles. 
260 # # |a Australia:   |b Csiro Publishing,   |c 2008. 
300 # # |a viii, 277 p.;   |c 26 cm.. 
650 0 0 |a Birds --   |z Australia  
650 0 0 |a Birds --   |x Classification --   |z Australia  
650 0 0 |a Birds --   |x Identification --   |z Australia  
700 1 1 |a Boles, Walter  
999 |a 1100057210  |b Book  |c Open Shelf  |e KOLEKSI TERBUKA